| 000 | 00677nam a2200229 a 4500 | ||
|---|---|---|---|
| 003 | DO-SdBNP | ||
| 005 | 20240320110412.0 | ||
| 008 | 150826s 2017 ck 000 0 spa d | ||
| 020 | _a9789584809353 | ||
| 040 |
_aBPMSU _bspa _cBPMSU |
||
| 082 | 4 |
_aCo861.6 _bS454o 2017 _222 |
|
| 100 | 1 | _aSegebre Berardinelli, Roberto Enrique | |
| 245 | 1 | 0 |
_aOasis de amor / _cRoberto Enrique Segebre Berardinelli |
| 260 |
_aColombia : _bEditorial Mejoras, _c2017. |
||
| 300 |
_a74 p. ; _c23 cm. |
||
| 590 | _aInventariado, 2024/VM | ||
| 650 | 4 | _aPoesías colombiana. | |
| 650 | 4 | _aPoesías amorosa | |
| 650 | 4 |
_vPoesías _aMujeres |
|
| 910 | _aVMateo V. Control de calidad. BPMSU | ||
| 942 |
_2ddc _cBK |
||
| 999 |
_c8240 _d8240 |
||